| 000 | 01514nam a2200349 a 4500 | ||
|---|---|---|---|
| 001 | ebr10194683 | ||
| 003 | CaPaEBR | ||
| 006 | m u | ||
| 007 | cr cn||||||||| | ||
| 008 | 040510s2004 ilua sbf 001 0 eng | ||
| 010 | _z 2004010891 | ||
| 020 | _z0838908705 (pbk. : alk. paper) | ||
| 040 |
_aCaPaEBR _cCaPaEBR |
||
| 035 | _a(OCoLC)647667322 | ||
| 050 | 1 | 4 |
_aZ679.7 _b.T45 2004eb |
| 082 | 0 | 4 |
_a021.7 _222 |
| 100 | 1 | _aThenell, Jan. | |
| 245 | 1 | 4 |
_aThe library's crisis communications planner _h[electronic resource] : _ba PR guide for handling every emergency / _cJan Thenell. |
| 260 |
_aChicago : _bAmerican Library Association, _cc2004. |
||
| 300 |
_avii, 77 p. : _bill. |
||
| 504 | _aIncludes bibliographical references (p. 73-74) and index. | ||
| 533 |
_aElectronic reproduction. _bPalo Alto, Calif. : _cebrary, _d2013. _nAvailable via World Wide Web. _nAccess may be limited to ebrary affiliated libraries. |
||
| 650 | 0 |
_aLibraries _xSafety measures _vHandbooks, manuals, etc. |
|
| 650 | 0 |
_aArchives _xSafety measures _vHandbooks, manuals, etc. |
|
| 650 | 0 |
_aLibraries _xSecurity measures _vHandbooks, manuals, etc. |
|
| 650 | 0 |
_aArchives _xSecurity measures _vHandbooks, manuals, etc. |
|
| 650 | 0 | _aLibraries and mass media. | |
| 650 | 0 |
_aCrisis management _vHandbooks, manuals, etc. |
|
| 655 | 7 |
_aElectronic books. _2local |
|
| 710 | 2 | _aebrary, Inc. | |
| 856 | 4 | 0 |
_uhttp://site.ebrary.com/lib/rucke/Doc?id=10194683 _zAn electronic book accessible through the World Wide Web; click to view |
| 999 |
_c114067 _d114067 |
||